[Event "ODJM B 2025"]
[Site "Willingen GER"]
[Date "2025.06.12"]
[Round "7"]
[White "Moldovan, Tatiana"]
[Black "Hantke, Karl"]
[Result "1-0"]
[Termination "normal"]
[Board "36"]
[WhiteElo "1780"]
[BlackElo "1666"]
[WhiteClock "00:50:53"]
[BlackClock "00:27:25"]
[PlyCount "74"]
[WhiteFideId "16287398"]
[BlackFideId "34640827"]
[EventCountry "GER"]
[EventRounds "9"]
[EventType "swiss"]
[EventDate "2025.06.07"]

1. e4 {[%clk 01:30:57]} {[%emt 00:00:02]} c5 {[%clk 01:29:55]} {[%emt
00:01:06]} 2. Nc3 {[%clk 01:31:08]} {[%emt 00:00:18]} Nc6 {[%clk 01:30:20]}
{[%emt 00:00:06]} 3. Bb5 {[%clk 01:31:27]} {[%emt 00:00:10]} Nd4 {[%clk
01:30:41]} {[%emt 00:00:09]} 4. Nf3 {[%clk 01:31:50]} {[%emt 00:00:07]} a6
{[%clk 01:31:04]} {[%emt 00:00:07]} 5. Bd3 {[%clk 01:32:13]} {[%emt 00:00:07]}
g6 {[%clk 01:31:17]} {[%emt 00:00:18]} 6. Nxd4 {[%clk 01:32:24]} {[%emt
00:00:19]} cxd4 {[%clk 01:31:38]} {[%emt 00:00:10]} 7. Ne2 {[%clk 01:32:51]}
{[%emt 00:00:02]} Bg7 {[%clk 01:31:39]} {[%emt 00:00:29]} 8. b3 {[%clk
01:33:06]} {[%emt 00:00:15]} d6 {[%clk 01:30:53]} {[%emt 00:01:15]} 9. Bb2
{[%clk 01:33:26]} {[%emt 00:00:11]} e5 {[%clk 01:30:16]} {[%emt 00:01:07]} 10.
a4 {[%clk 01:31:50]} {[%emt 00:02:06]} Ne7 {[%clk 01:29:32]} {[%emt 00:01:13]}
11. c3 {[%clk 01:22:27]} {[%emt 00:09:54]} dxc3 {[%clk 01:24:49]} {[%emt
00:05:13]} 12. Nxc3 {[%clk 01:22:38]} {[%emt 00:00:19]} Be6 {[%clk 01:24:23]}
{[%emt 00:00:54]} 13. Ba3 {[%clk 01:21:07]} {[%emt 00:02:03]} Qb6 {[%clk
01:17:35]} {[%emt 00:07:18]} 14. Bc2 {[%clk 01:20:20]} {[%emt 00:01:17]} O-O
{[%clk 01:16:10]} {[%emt 00:01:55]} 15. O-O {[%clk 01:19:54]} {[%emt 00:00:56]}
Rfd8 {[%clk 01:08:44]} {[%emt 00:07:56]} 16. Qf3 {[%clk 01:13:49]} {[%emt
00:06:34]} f5 {[%clk 01:01:08]} {[%emt 00:08:06]} 17. Rac1 {[%clk 01:10:18]}
{[%emt 00:04:02]} Nc6 {[%clk 00:47:52]} {[%emt 00:13:46]} 18. Ne2 {[%clk
01:08:53]} {[%emt 00:01:54]} Nd4 {[%clk 00:42:51]} {[%emt 00:05:32]} 19. Nxd4
{[%clk 01:07:49]} {[%emt 00:01:34]} Qxd4 {[%clk 00:43:12]} {[%emt 00:00:09]}
20. exf5 {[%clk 01:01:36]} {[%emt 00:06:43]} Rf8 {[%clk 00:39:23]} {[%emt
00:04:17]} 21. Qe3 {[%clk 01:01:54]} {[%emt 00:00:14]} Qxe3 {[%clk 00:37:53]}
{[%emt 00:02:00]} 22. dxe3 {[%clk 01:02:00]} {[%emt 00:00:24]} gxf5 {[%clk
00:37:25]} {[%emt 00:00:58]} 23. Bxd6 {[%clk 01:01:58]} {[%emt 00:00:32]} Rfd8
{[%clk 00:36:49]} {[%emt 00:01:04]} 24. Ba3 {[%clk 01:01:34]} {[%emt 00:00:55]}
Rac8 {[%clk 00:36:17]} {[%emt 00:01:02]} 25. Rfd1 {[%clk 01:00:35]} {[%emt
00:01:30]} Rxd1+ {[%clk 00:33:28]} {[%emt 00:03:19]} 26. Bxd1 {[%clk 01:00:55]}
{[%emt 00:00:10]} Rxc1 {[%clk 00:33:05]} {[%emt 00:00:53]} 27. Bxc1 {[%clk
01:01:19]} {[%emt 00:00:05]} Kf7 {[%clk 00:33:03]} {[%emt 00:00:32]} 28. Ba3
{[%clk 01:01:37]} {[%emt 00:00:12]} Ke8 {[%clk 00:33:19]} {[%emt 00:00:15]} 29.
Kf1 {[%clk 00:58:28]} {[%emt 00:03:39]} Kd7 {[%clk 00:32:38]} {[%emt 00:01:11]}
30. Bc2 {[%clk 00:58:22]} {[%emt 00:00:35]} h6 {[%clk 00:32:29]} {[%emt
00:00:39]} 31. Bb2 {[%clk 00:56:28]} {[%emt 00:02:24]} Kd6 {[%clk 00:31:38]}
{[%emt 00:01:22]} 32. f4 {[%clk 00:56:38]} {[%emt 00:00:21]} Kc5 {[%emt
00:01:17]} 33. Bc3 {[%clk 00:55:39]} {[%emt 00:01:26]} b5 {[%clk 00:28:51]}
{[%emt 00:02:32]} 34. axb5 {[%clk 00:55:47]} {[%emt 00:00:22]} axb5 {[%clk
00:29:10]} {[%emt 00:00:11]} 35. Kf2 {[%clk 00:55:36]} {[%emt 00:00:41]} b4
{[%clk 00:29:04]} {[%emt 00:00:37]} 36. Bb2 {[%clk 00:55:52]} {[%emt 00:00:13]}
Bf6 {[%clk 00:28:32]} {[%emt 00:01:02]} 37. fxe5 {[%clk 00:50:53]} {[%emt
00:05:29]} Bg7 {[%clk 00:27:25]} {[%emt 00:01:37]} 1-0

[Event "ODJM B 2025"]
[Site "Willingen GER"]
[Date "2025.06.12"]
[Round "7"]
[White "Maraun, Lias"]
[Black "Müller, Cosima"]
[Result "1/2-1/2"]
[Termination "normal"]
[Board "37"]
[WhiteElo "1763"]
[BlackElo "1757"]
[WhiteClock "00:20:48"]
[BlackClock "00:53:22"]
[PlyCount "85"]
[WhiteFideId "533017441"]
[BlackFideId "34601490"]
[EventCountry "GER"]
[EventRounds "9"]
[EventType "swiss"]
[EventDate "2025.06.07"]

1. e4 {[%clk 01:30:54]} {[%emt 00:00:05]} c5 {[%clk 01:30:57]} {[%emt
00:00:04]} 2. Nf3 {[%clk 01:30:57]} {[%emt 00:00:27]} Nc6 {[%clk 01:31:22]}
{[%emt 00:00:05]} 3. d4 {[%clk 01:30:59]} {[%emt 00:00:28]} cxd4 {[%clk
01:31:47]} {[%emt 00:00:05]} 4. Nxd4 {[%clk 01:31:19]} {[%emt 00:00:10]} g6
{[%clk 01:32:12]} {[%emt 00:00:04]} 5. c4 {[%clk 01:31:16]} {[%emt 00:00:33]}
Bg7 {[%clk 01:32:36]} {[%emt 00:00:06]} 6. Be3 {[%clk 01:31:19]} {[%emt
00:00:28]} Nf6 {[%clk 01:33:01]} {[%emt 00:00:05]} 7. Nc3 {[%clk 01:31:29]}
{[%emt 00:00:19]} O-O {[%clk 01:33:22]} {[%emt 00:00:10]} 8. Be2 {[%clk
01:31:28]} {[%emt 00:00:31]} d6 {[%clk 01:33:48]} {[%emt 00:00:05]} 9. O-O
{[%clk 01:31:03]} {[%emt 00:00:54]} Bd7 {[%clk 01:34:14]} {[%emt 00:00:04]} 10.
Qd2 {[%clk 01:31:00]} {[%emt 00:00:33]} Nxd4 {[%clk 01:33:43]} {[%emt
00:01:01]} 11. Bxd4 {[%clk 01:31:22]} {[%emt 00:00:08]} Bc6 {[%clk 01:34:03]}
{[%emt 00:00:09]} 12. f3 {[%clk 01:31:34]} {[%emt 00:00:18]} Nd7 {[%clk
01:34:18]} {[%emt 00:00:16]} 13. Bf2 {[%clk 01:31:49]} {[%emt 00:00:15]} a5
{[%clk 01:24:50]} {[%emt 00:09:58]} 14. b3 {[%clk 01:28:44]} {[%emt 00:03:35]}
Nc5 {[%clk 01:22:02]} {[%emt 00:03:18]} 15. Rab1 {[%clk 01:27:39]} {[%emt
00:01:34]} Qd7 {[%clk 01:09:10]} {[%emt 00:13:22]} 16. Rfd1 {[%clk 01:22:13]}
{[%emt 00:05:57]} Rfd8 {[%clk 01:07:42]} {[%emt 00:01:58]} 17. a3 {[%clk
01:06:56]} {[%emt 00:15:47]} Qe8 {[%clk 01:03:26]} {[%emt 00:04:46]} 18. b4
{[%clk 00:56:48]} {[%emt 00:10:38]} axb4 {[%clk 01:02:44]} {[%emt 00:01:12]}
19. axb4 {[%clk 00:57:07]} {[%emt 00:00:11]} Na4 {[%clk 01:02:15]} {[%emt
00:00:59]} 20. Bd4 {[%clk 00:49:25]} {[%emt 00:08:11]} Bxd4+ {[%clk 01:01:59]}
{[%emt 00:00:45]} 21. Qxd4 {[%clk 00:49:47]} {[%emt 00:00:09]} Nxc3 {[%clk
01:01:26]} {[%emt 00:01:04]} 22. Qxc3 {[%clk 00:50:10]} {[%emt 00:00:07]} Ra2
{[%clk 01:00:17]} {[%emt 00:01:38]} 23. Bd3 {[%clk 00:44:12]} {[%emt 00:06:28]}
Rda8 {[%clk 00:58:58]} {[%emt 00:01:50]} 24. Ra1 {[%clk 00:39:37]} {[%emt
00:05:05]} Qb8 {[%clk 00:58:49]} {[%emt 00:00:39]} 25. Rxa2 {[%clk 00:33:14]}
{[%emt 00:06:53]} Rxa2 {[%clk 00:59:14]} {[%emt 00:00:05]} 26. c5 {[%clk
00:32:24]} {[%emt 00:01:20]} Qa7 {[%clk 00:54:07]} {[%emt 00:05:36]} 27. Bc4
{[%clk 00:24:56]} {[%emt 00:07:58]} Ra3 {[%clk 00:52:59]} {[%emt 00:01:38]} 28.
Qd4 {[%clk 00:24:12]} {[%emt 00:01:14]} Ba4 {[%clk 00:42:24]} {[%emt 00:11:04]}
29. Rd2 {[%clk 00:14:34]} {[%emt 00:10:09]} Bb3 {[%clk 00:39:56]} {[%emt
00:02:58]} 30. cxd6 {[%clk 00:13:24]} {[%emt 00:01:41]} Qxd4+ {[%clk 00:38:01]}
{[%emt 00:02:25]} 31. Rxd4 {[%clk 00:13:36]} {[%emt 00:00:18]} exd6 {[%clk
00:38:25]} {[%emt 00:00:06]} 32. Bxb3 {[%clk 00:11:02]} {[%emt 00:03:03]} Rxb3
{[%clk 00:38:50]} {[%emt 00:00:06]} 33. Kf2 {[%clk 00:09:36]} {[%emt 00:01:55]}
Kf8 {[%clk 00:38:40]} {[%emt 00:00:40]} 34. h4 {[%clk 00:07:28]} {[%emt
00:02:38]} Ke7 {[%clk 00:37:56]} {[%emt 00:01:14]} 35. g4 {[%clk 00:06:45]}
{[%emt 00:01:13]} h6 {[%clk 00:31:17]} {[%emt 00:07:09]} 36. g5 {[%clk
00:05:24]} {[%emt 00:01:52]} h5 {[%clk 00:30:23]} {[%emt 00:01:24]} 37. Kg3
{[%clk 00:05:18]} {[%emt 00:00:36]} b5 {[%clk 00:30:06]} {[%emt 00:00:47]} 38.
Kf2 {[%clk 00:03:46]} {[%emt 00:02:01]} Ke6 {[%clk 00:25:50]} {[%emt 00:04:46]}
39. Kg3 {[%clk 00:01:53]} {[%emt 00:02:23]} Rb2 {[%clk 00:25:13]} {[%emt
00:01:07]} 40. Kf4 {[%clk 00:00:59]} {[%emt 00:01:25]} Rb3 {[%clk 00:24:21]}
{[%emt 00:01:22]} 41. Kg3 {[%clk 00:00:55]} {[%emt 00:00:33]} Rb2 {[%clk
00:23:50]} {[%emt 00:01:01]} 42. f4 {[%clk 00:25:05]} {[%emt 00:06:20]} Rb3+
{[%clk 00:53:22]} {[%emt 00:00:59]} 43. Kg2 {[%clk 00:20:48]} {[%emt 00:04:47]}
1/2-1/2

[Event "ODJM B 2025"]
[Site "Willingen GER"]
[Date "2025.06.12"]
[Round "7"]
[White "Lau, Lars"]
[Black "Othman, Beesan"]
[Result "0-1"]
[Termination "normal"]
[Board "38"]
[WhiteElo "1569"]
[BlackElo "1732"]
[WhiteClock "00:53:24"]
[BlackClock "00:12:26"]
[PlyCount "50"]
[WhiteFideId "34623663"]
[BlackFideId "34640738"]
[EventCountry "GER"]
[EventRounds "9"]
[EventType "swiss"]
[EventDate "2025.06.07"]

1. d4 {[%clk 01:30:57]} {[%emt 00:00:02]} Nf6 {[%clk 01:31:22]} {[%emt
00:00:08]} 2. c4 {[%clk 01:31:22]} {[%emt 00:00:05]} e6 {[%clk 01:31:48]}
{[%emt 00:00:03]} 3. Nc3 {[%clk 01:31:46]} {[%emt 00:00:07]} Bb4 {[%clk
01:32:13]} {[%emt 00:00:05]} 4. Nf3 {[%clk 01:30:25]} {[%emt 00:01:51]} b6
{[%clk 01:32:33]} {[%emt 00:00:10]} 5. e3 {[%clk 01:30:25]} {[%emt 00:00:30]}
Bb7 {[%clk 01:32:49]} {[%emt 00:00:13]} 6. Be2 {[%clk 01:30:51]} {[%emt
00:00:05]} Ne4 {[%clk 01:26:37]} {[%emt 00:06:41]} 7. Qc2 {[%clk 01:30:16]}
{[%emt 00:01:05]} O-O {[%clk 01:24:20]} {[%emt 00:02:47]} 8. O-O {[%clk
01:30:42]} {[%emt 00:00:05]} Bxc3 {[%clk 01:21:34]} {[%emt 00:03:17]} 9. bxc3
{[%clk 01:31:05]} {[%emt 00:00:06]} f5 {[%clk 01:16:23]} {[%emt 00:05:40]} 10.
Rd1 {[%clk 01:27:10]} {[%emt 00:04:25]} d6 {[%clk 01:09:58]} {[%emt 00:06:56]}
11. Qb3 {[%clk 01:24:54]} {[%emt 00:02:46]} Qf6 {[%clk 01:05:13]} {[%emt
00:05:15]} 12. Ba3 {[%clk 01:23:39]} {[%emt 00:01:45]} Nd7 {[%clk 01:03:19]}
{[%emt 00:02:24]} 13. Nd2 {[%clk 01:11:58]} {[%emt 00:12:11]} Nxd2 {[%clk
00:52:31]} {[%emt 00:11:18]} 14. Rxd2 {[%clk 01:12:23]} {[%emt 00:00:05]} f4
{[%clk 00:50:56]} {[%emt 00:02:05]} 15. Bf1 {[%clk 01:07:47]} {[%emt 00:05:06]}
fxe3 {[%clk 00:44:55]} {[%emt 00:06:31]} 16. fxe3 {[%clk 01:08:07]} {[%emt
00:00:09]} Qg5 {[%clk 00:44:48]} {[%emt 00:00:37]} 17. Re1 {[%clk 01:07:43]}
{[%emt 00:00:55]} Rf3 {[%clk 00:26:52]} {[%emt 00:18:26]} 18. Rde2 {[%clk
01:06:05]} {[%emt 00:02:07]} Raf8 {[%clk 00:27:12]} {[%emt 00:00:10]} 19. Qb5
{[%clk 00:58:24]} {[%emt 00:08:12]} Qxb5 {[%clk 00:25:10]} {[%emt 00:02:32]}
20. cxb5 {[%clk 00:58:47]} {[%emt 00:00:07]} R3f5 {[%clk 00:24:50]} {[%emt
00:00:49]} 21. c4 {[%clk 00:57:46]} {[%emt 00:01:32]} Nf6 {[%clk 00:22:29]}
{[%emt 00:02:51]} 22. e4 {[%clk 00:56:54]} {[%emt 00:01:22]} Nxe4 {[%clk
00:19:45]} {[%emt 00:03:14]} 23. Re3 {[%clk 00:55:40]} {[%emt 00:01:44]} Nd2
{[%clk 00:12:15]} {[%emt 00:07:59]} 24. Bd3 {[%clk 00:54:43]} {[%emt 00:01:28]}
Rf2 {[%clk 00:12:10]} {[%emt 00:00:35]} 25. R3e2 {[%clk 00:53:24]} {[%emt
00:01:49]} Rf1+ {[%clk 00:12:26]} {[%emt 00:00:13]} 0-1

[Event "ODJM B 2025"]
[Site "Willingen GER"]
[Date "2025.06.12"]
[Round "7"]
[White "Magezi, Noah"]
[Black "Golke, Philipp"]
[Result "1-0"]
[Termination "normal"]
[Board "39"]
[WhiteElo "1607"]
[BlackElo "1729"]
[WhiteClock "00:18:27"]
[BlackClock "01:01:18"]
[PlyCount "59"]
[WhiteFideId "34696113"]
[BlackFideId "34625259"]
[EventCountry "GER"]
[EventRounds "9"]
[EventType "swiss"]
[EventDate "2025.06.07"]

1. d4 {[%clk 01:30:57]} {[%emt 00:00:02]} Nf6 {[%clk 01:30:55]} {[%emt
00:00:05]} 2. c4 {[%clk 01:31:22]} {[%emt 00:00:05]} e6 {[%clk 01:31:17]}
{[%emt 00:00:08]} 3. g3 {[%clk 01:31:48]} {[%emt 00:00:04]} c6 {[%clk
01:31:43]} {[%emt 00:00:05]} 4. Bg2 {[%clk 01:31:38]} {[%emt 00:00:40]} d5
{[%clk 01:32:08]} {[%emt 00:00:04]} 5. Nf3 {[%clk 01:31:51]} {[%emt 00:00:16]}
Nbd7 {[%clk 01:32:28]} {[%emt 00:00:11]} 6. Qc2 {[%clk 01:31:24]} {[%emt
00:00:56]} Bd6 {[%clk 01:32:32]} {[%emt 00:00:26]} 7. O-O {[%clk 01:30:48]}
{[%emt 00:01:07]} O-O {[%clk 01:32:39]} {[%emt 00:00:23]} 8. Nbd2 {[%clk
01:29:46]} {[%emt 00:01:32]} Qc7 {[%clk 01:27:48]} {[%emt 00:05:22]} 9. e4
{[%clk 01:25:27]} {[%emt 00:04:49]} dxe4 {[%clk 01:23:19]} {[%emt 00:04:59]}
10. Nxe4 {[%clk 01:25:48]} {[%emt 00:00:08]} Nxe4 {[%clk 01:23:29]} {[%emt
00:00:20]} 11. Qxe4 {[%clk 01:26:12]} {[%emt 00:00:06]} Nf6 {[%clk 01:23:53]}
{[%emt 00:00:07]} 12. Qe2 {[%clk 01:26:17]} {[%emt 00:00:24]} c5 {[%clk
01:24:13]} {[%emt 00:00:11]} 13. dxc5 {[%clk 01:21:29]} {[%emt 00:05:18]} Bxc5
{[%clk 01:24:29]} {[%emt 00:00:11]} 14. Bf4 {[%clk 01:20:52]} {[%emt 00:01:10]}
Qb6 {[%clk 01:24:15]} {[%emt 00:00:38]} 15. Rad1 {[%clk 01:14:49]} {[%emt
00:06:38]} Re8 {[%clk 01:17:29]} {[%emt 00:07:16]} 16. Ne5 {[%clk 01:07:23]}
{[%emt 00:07:56]} Bd4 {[%clk 01:13:38]} {[%emt 00:04:20]} 17. Nf3 {[%clk
01:04:05]} {[%emt 00:03:49]} e5 {[%clk 01:12:28]} {[%emt 00:01:40]} 18. Nxd4
{[%clk 00:40:22]} {[%emt 00:24:13]} exf4 {[%clk 01:10:57]} {[%emt 00:02:01]}
19. Qc2 {[%clk 00:34:10]} {[%emt 00:06:42]} Bg4 {[%clk 01:10:24]} {[%emt
00:01:03]} 20. Rd3 {[%clk 00:28:45]} {[%emt 00:05:55]} fxg3 {[%clk 01:10:18]}
{[%emt 00:00:36]} 21. hxg3 {[%clk 00:27:16]} {[%emt 00:01:59]} Rad8 {[%clk
01:09:12]} {[%emt 00:01:36]} 22. c5 {[%clk 00:25:58]} {[%emt 00:01:49]} Qb4
{[%clk 01:09:25]} {[%emt 00:00:16]} 23. a3 {[%clk 00:25:09]} {[%emt 00:01:20]}
Qa5 {[%clk 01:08:55]} {[%emt 00:00:58]} 24. Bxb7 {[%clk 00:24:12]} {[%emt
00:01:28]} Qc7 {[%clk 01:05:45]} {[%emt 00:03:39]} 25. Bg2 {[%clk 00:21:16]}
{[%emt 00:03:25]} Ne4 {[%clk 01:03:23]} {[%emt 00:02:52]} 26. Bxe4 {[%clk
00:18:21]} {[%emt 00:03:27]} Rxe4 {[%clk 01:00:57]} {[%emt 00:02:55]} 27. Nb5
{[%clk 00:18:11]} {[%emt 00:00:41]} Qb8 {[%clk 01:00:44]} {[%emt 00:00:43]} 28.
Rxd8+ {[%clk 00:18:26]} {[%emt 00:00:15]} Qxd8 {[%clk 01:01:07]} {[%emt
00:00:07]} 29. Qxe4 {[%clk 00:18:47]} {[%emt 00:00:08]} Bh3 {[%clk 01:01:18]}
{[%emt 00:00:20]} 30. Re1 {[%clk 00:18:27]} {[%emt 00:00:50]} 1-0

[Event "ODJM B 2025"]
[Site "Willingen GER"]
[Date "2025.06.12"]
[Round "7"]
[White "Gutsche, Jan-Frederic"]
[Black "Yüksel, Aran"]
[Result "1/2-1/2"]
[Termination "normal"]
[Board "40"]
[WhiteElo "1742"]
[BlackElo "1531"]
[WhiteClock "00:01:35"]
[BlackClock "01:03:26"]
[PlyCount "54"]
[WhiteFideId "34683631"]
[BlackFideId "16297024"]
[EventCountry "GER"]
[EventRounds "9"]
[EventType "swiss"]
[EventDate "2025.06.07"]

1. e4 {[%clk 01:30:59]} {[%emt 00:00:01]} e6 {[%clk 01:30:40]} {[%emt
00:00:20]} 2. d4 {[%clk 01:31:18]} {[%emt 00:00:11]} d5 {[%clk 01:31:05]}
{[%emt 00:00:05]} 3. e5 {[%clk 01:31:23]} {[%emt 00:00:26]} c5 {[%clk
01:31:29]} {[%emt 00:00:05]} 4. c3 {[%clk 01:31:43]} {[%emt 00:00:10]} Nc6
{[%clk 01:31:47]} {[%emt 00:00:12]} 5. Nf3 {[%clk 01:31:25]} {[%emt 00:00:48]}
cxd4 {[%clk 01:29:50]} {[%emt 00:02:27]} 6. cxd4 {[%clk 01:31:49]} {[%emt
00:00:05]} f6 {[%clk 01:30:02]} {[%emt 00:00:19]} 7. Bb5 {[%clk 01:12:38]}
{[%emt 00:19:41]} a6 {[%clk 01:30:20]} {[%emt 00:00:12]} 8. Bxc6+ {[%clk
01:09:43]} {[%emt 00:03:25]} bxc6 {[%clk 01:30:43]} {[%emt 00:00:07]} 9. O-O
{[%clk 01:06:39]} {[%emt 00:03:33]} fxe5 {[%clk 01:27:17]} {[%emt 00:03:57]}
10. Nxe5 {[%clk 01:06:46]} {[%emt 00:00:23]} Qc7 {[%clk 01:27:27]} {[%emt
00:00:19]} 11. Qh5+ {[%clk 00:48:04]} {[%emt 00:19:12]} g6 {[%clk 01:26:59]}
{[%emt 00:00:58]} 12. Nxg6 {[%clk 00:47:38]} {[%emt 00:00:56]} Qf7 {[%clk
01:27:16]} {[%emt 00:00:13]} 13. Nf4 {[%clk 00:48:07]} {[%emt 00:00:02]} Bg7
{[%clk 01:24:29]} {[%emt 00:03:17]} 14. Qxf7+ {[%clk 00:35:07]} {[%emt
00:13:30]} Kxf7 {[%clk 01:24:53]} {[%emt 00:00:06]} 15. Ne2 {[%clk 00:34:53]}
{[%emt 00:00:44]} a5 {[%clk 01:25:06]} {[%emt 00:00:18]} 16. f4 {[%clk
00:27:49]} {[%emt 00:07:32]} Ba6 {[%clk 01:23:51]} {[%emt 00:01:45]} 17. Nbc3
{[%clk 00:28:18]} {[%emt 00:00:02]} Nh6 {[%clk 01:23:42]} {[%emt 00:00:39]} 18.
Be3 {[%clk 00:22:31]} {[%emt 00:06:16]} Nf5 {[%clk 01:20:39]} {[%emt 00:03:33]}
19. Bf2 {[%clk 00:22:11]} {[%emt 00:00:50]} Nxd4 {[%clk 01:20:21]} {[%emt
00:00:48]} 20. Bxd4 {[%clk 00:18:47]} {[%emt 00:03:55]} Bxd4+ {[%clk 01:19:45]}
{[%emt 00:01:06]} 21. Nxd4 {[%clk 00:17:10]} {[%emt 00:02:06]} Bxf1 {[%clk
01:19:52]} {[%emt 00:00:23]} 22. Kxf1 {[%clk 00:17:39]} {[%emt 00:00:01]} c5
{[%clk 01:18:38]} {[%emt 00:01:45]} 23. Nf3 {[%clk 00:14:06]} {[%emt 00:04:03]}
h6 {[%clk 01:15:52]} {[%emt 00:03:15]} 24. a4 {[%clk 00:09:52]} {[%emt
00:04:45]} Rhd8 {[%clk 01:09:25]} {[%emt 00:06:57]} 25. Rc1 {[%clk 00:04:16]}
{[%emt 00:06:05]} Rac8 {[%clk 01:08:04]} {[%emt 00:01:52]} 26. Ne5+ {[%clk
00:01:23]} {[%emt 00:03:23]} Kf6 {[%clk 01:08:30]} {[%emt 00:00:04]} 27. g4
{[%clk 00:01:35]} {[%emt 00:00:17]} Rd6 {[%clk 01:03:26]} 1/2-1/2

[Event "ODJM B 2025"]
[Site "Willingen GER"]
[Date "2025.06.12"]
[Round "7"]
[White "Jagodkin, Anton"]
[Black "Völpel, Alexander"]
[Result "1-0"]
[Termination "normal"]
[Board "41"]
[WhiteElo "1515"]
[BlackElo "1709"]
[WhiteClock "01:08:56"]
[BlackClock "01:21:20"]
[PlyCount "79"]
[WhiteFideId "34607307"]
[BlackFideId "34603131"]
[EventCountry "GER"]
[EventRounds "9"]
[EventType "swiss"]
[EventDate "2025.06.07"]

1. e4 {[%clk 01:30:59]} {[%emt 00:00:01]} e5 {[%clk 01:30:59]} {[%emt
00:00:01]} 2. f4 {[%clk 01:31:12]} {[%emt 00:00:17]} Bc5 {[%clk 01:31:19]}
{[%emt 00:00:10]} 3. Nf3 {[%clk 01:31:18]} {[%emt 00:00:24]} d6 {[%clk
01:31:27]} {[%emt 00:00:22]} 4. Bc4 {[%clk 01:28:51]} {[%emt 00:02:57]} Bg4
{[%clk 01:30:24]} {[%emt 00:01:33]} 5. fxe5 {[%clk 01:28:24]} {[%emt 00:00:58]}
dxe5 {[%clk 01:30:00]} {[%emt 00:00:54]} 6. Bxf7+ {[%clk 01:28:37]} {[%emt
00:00:17]} Kxf7 {[%clk 01:29:05]} {[%emt 00:01:25]} 7. Nxe5+ {[%clk 01:28:54]}
{[%emt 00:00:13]} Ke8 {[%clk 01:29:28]} {[%emt 00:00:07]} 8. Qxg4 {[%clk
01:26:59]} {[%emt 00:02:25]} Qe7 {[%clk 01:25:23]} {[%emt 00:04:36]} 9. Qc8+
{[%clk 01:26:13]} {[%emt 00:01:16]} Qd8 {[%clk 01:25:45]} {[%emt 00:00:08]} 10.
Qxd8+ {[%clk 01:26:39]} {[%emt 00:00:05]} Kxd8 {[%clk 01:26:03]} {[%emt
00:00:12]} 11. Nf7+ {[%clk 01:27:02]} {[%emt 00:00:07]} Ke7 {[%clk 01:26:29]}
{[%emt 00:00:04]} 12. Nxh8 {[%clk 01:27:27]} {[%emt 00:00:05]} Nd7 {[%clk
01:26:43]} {[%emt 00:00:15]} 13. c3 {[%clk 01:27:22]} {[%emt 00:00:35]} Ngf6
{[%clk 01:26:37]} {[%emt 00:00:35]} 14. d4 {[%clk 01:27:28]} {[%emt 00:00:25]}
Bb6 {[%clk 01:26:54]} {[%emt 00:00:13]} 15. Bg5 {[%clk 01:27:42]} {[%emt
00:00:16]} Ke6 {[%clk 01:26:06]} {[%emt 00:01:17]} 16. Ng6 {[%clk 01:26:36]}
{[%emt 00:01:36]} hxg6 {[%clk 01:26:23]} {[%emt 00:00:13]} 17. Bxf6 {[%clk
01:26:32]} {[%emt 00:00:35]} gxf6 {[%clk 01:26:46]} {[%emt 00:00:07]} 18. Nd2
{[%clk 01:26:31]} {[%emt 00:00:31]} c6 {[%clk 01:26:44]} {[%emt 00:00:31]} 19.
O-O-O {[%clk 01:26:04]} {[%emt 00:00:57]} Bc7 {[%clk 01:26:19]} {[%emt
00:00:56]} 20. Nf3 {[%clk 01:25:14]} {[%emt 00:01:20]} Nb6 {[%clk 01:25:39]}
{[%emt 00:01:11]} 21. b3 {[%clk 01:24:42]} {[%emt 00:01:02]} a5 {[%clk
01:25:46]} {[%emt 00:00:23]} 22. a4 {[%clk 01:24:37]} {[%emt 00:00:36]} Re8
{[%clk 01:23:33]} {[%emt 00:02:42]} 23. e5 {[%clk 01:20:32]} {[%emt 00:04:35]}
fxe5 {[%clk 01:23:41]} {[%emt 00:00:22]} 24. dxe5 {[%clk 01:20:44]} {[%emt
00:00:18]} Re7 {[%clk 01:21:53]} {[%emt 00:02:17]} 25. c4 {[%clk 01:19:20]}
{[%emt 00:01:55]} Nd7 {[%clk 01:21:52]} {[%emt 00:00:31]} 26. Rhf1 {[%clk
01:19:08]} {[%emt 00:00:42]} Rg7 {[%clk 01:20:42]} {[%emt 00:01:40]} 27. Ng5+
{[%clk 01:17:26]} {[%emt 00:02:12]} Ke7 {[%clk 01:21:04]} {[%emt 00:00:09]} 28.
e6 {[%clk 01:17:17]} {[%emt 00:00:39]} Nf6 {[%clk 01:21:02]} {[%emt 00:00:32]}
29. Ne4 {[%clk 01:14:23]} {[%emt 00:03:23]} Be5 {[%clk 01:20:05]} {[%emt
00:01:27]} 30. Nxf6 {[%clk 01:14:29]} {[%emt 00:00:24]} Bxf6 {[%clk 01:20:28]}
{[%emt 00:00:07]} 31. Rd7+ {[%clk 01:14:34]} {[%emt 00:00:25]} Kxe6 {[%clk
01:20:42]} {[%emt 00:00:15]} 32. Rxg7 {[%clk 01:15:00]} {[%emt 00:00:05]} Bxg7
{[%clk 01:21:06]} {[%emt 00:00:05]} 33. Kc2 {[%emt 00:01:34]} Be5 {[%clk
01:20:34]} {[%emt 00:00:03]} 34. g3 {[%clk 01:13:57]} {[%emt 00:01:29]} Ke7
{[%clk 01:20:49]} {[%emt 00:00:15]} 35. Kd3 {[%clk 01:12:43]} {[%emt 00:01:43]}
Bf6 {[%clk 01:20:50]} {[%emt 00:00:29]} 36. g4 {[%clk 01:12:08]} {[%emt
00:01:05]} b6 {[%clk 01:20:58]} {[%emt 00:00:22]} 37. h3 {[%clk 01:11:52]}
{[%emt 00:00:45]} c5 {[%clk 01:20:46]} {[%emt 00:00:43]} 38. Ke4 {[%clk
01:11:57]} {[%emt 00:00:25]} Ke6 {[%clk 01:21:05]} {[%emt 00:00:11]} 39. Rxf6+
{[%clk 01:08:28]} {[%emt 00:03:59]} Kxf6 {[%clk 01:21:20]} {[%emt 00:00:14]}
40. h4 {[%clk 01:08:56]} {[%emt 00:00:03]} 1-0